[Event "COL-chT"]
[White "Sanquino Payares, Hermidez Andres"]
[Black "Portnoy Cruz, Ivan Adolfo"]
[Site "Santa Marta"]
[Round "1.1"]
[Result "1-0"]
[Date "2022.11.02"]
[WhiteElo "1665"]
[BlackElo "2088"]
[PlyCount "125"]
[EventDate "2022.11.02"]
[EventType "team-swiss"]
[EventRounds "7"]
[EventCountry "COL"]
[SourceTitle "CBM 211 Extra"]
[Source "ChessBase"]
[SourceDate "2023.01.31"]
[SourceVersion "1"]
[SourceVersionDate "2023.01.31"]
[SourceQuality "1"]
[WhiteTeam "Magdalena VI"]
[BlackTeam "Cordoba"]
[WhiteTeamCountry "COL"]
[BlackTeamCountry "COL"]

1. d4 Nf6 2. Nf3 g6 3. Bf4 d6 4. h3 Bg7 5. e3 0-0 6. Be2 Nc6 7. 0-0 Qe8 8. Nc3 Nh5 9. Bh2 f5 10. Ng5 h6 11. Bc4+ e6 12. Nf3 Kh7 13. Re1 a6 14. a4 Ne7 15. Bd3 Kh8 16. e4 f4 17. e5 d5 18. g4 fxg3 19. fxg3 Rf7 20. Nh4 g5 21. Ng6+ Nxg6 22. Bxg6 Rf1+ 23. Rxf1 Qxg6 24. Qd3 Qxd3 25. cxd3 c5 26. Ne2 Bd7 27. g4 Nf4 28. Nxf4 gxf4 29. Rxf4 Kg8 30. dxc5 Bxe5 31. Rb4 Bxh2+ 32. Kxh2 Bc6 33. Rf1 e5 34. Rf6 Re8 35. Rxh6 e4 36. dxe4 dxe4 37. Kg1 e3 38. Kf1 Bf3 39. Rf4 Bd1 40. Ke1 e2 41. Rd6 Re3 42. Rxd1 exd1Q+ 43. Kxd1 Rxh3 44. Rb4 Rh7 45. Ke2 Rc7 46. Kf3 Kg7 47. Rb6 Kf7 48. b4 Ke7 49. Ke4 a5 50. bxa5 Rxc5 51. Rxb7+ Kf6 52. Rb6+ Kg7 53. Rb5 Rc4+ 54. Kf5 Rxa4 55. g5 Ra1 56. Rb7+ Kf8 57. Ra7 Ra2 58. Kf6 Rf2+ 59. Kg6 Ra2 60. a6 Ra1 61. Ra8+ Ke7 62. Kg7 Ra3 63. g6 1-0

[Event "Pamplona IRT rap op"]
[White "Portnoy Cruz, Ivan Adolfo"]
[Black "Valderrama Espinosa, Gilberto"]
[Site "Pamplona"]
[Round "2"]
[Result "1/2-1/2"]
[Date "2012.11.09"]
[WhiteElo "2092"]
[BlackElo "2243"]
[PlyCount "193"]
[EventDate "2012.11.09"]
[EventType "swiss"]
[EventRounds "11"]
[EventCountry "COL"]
[SourceTitle "CBM 151 Extra"]
[Source "ChessBase"]
[SourceDate "2012.12.18"]
[SourceVersion "1"]
[SourceVersionDate "2012.12.18"]
[SourceQuality "1"]

1. d4 Nc6 2. Nf3 d5 3. Bf4 Nf6 4. e3 Bg4 5. Nbd2 e6 6. c3 Bd6 7. Bd3 Bh5 8. Qb3 Rb8 9. a4 Bg6 10. Bxg6 hxg6 11. Ne5 0-0 12. Nxc6 bxc6 13. Qc2 c5 14. dxc5 Bxc5 15. 0-0 Bd6 16. Bg5 Bxh2+ 17. Kh1 Bd6 18. g3 Qd7 19. Kg2 Nh7 20. Nf3 e5 21. e4 dxe4 22. Qxe4 Qf5 23. Qxf5 gxf5 24. Bc1 a5 25. Nd2 f6 26. Nc4 Ra8 27. Rd1 Rfd8 28. Rd5 Nf8 29. Nxa5 Ne6 30. Nb7 Rd7 31. Nxd6 cxd6 32. b4 Nc7 33. Rd1 d5 34. Be3 Kf7 35. b5 Ke6 36. Bc5 Rc8 37. Rdb1 Rb8 38. Rb3 g5 39. Rab1 g4 40. a5 Rh7 41. a6 Rbh8 42. a7 f4 43. Kf1 f3 44. Ke1 Na8 45. b6 Rb7 46. Kd2 Rc8 47. Be3 Rd8 48. Rb4 Kf5 49. Kc2 Rd6 50. Bc5 Rc6 51. Rb5 Ke6 52. R1b4 f5 53. Rb1 Kf6 54. Rd1 Ke6 55. Be3 d4 56. Rxd4 exd4 57. Bxd4 Rc8 58. Kd3 Rd8 59. c4 Rxb6 60. Re5+ Kf7 61. Rxf5+ Ke7 62. Kc3 Rxd4 63. Kxd4 Rd6+ 64. Rd5 Ra6 65. Ke3 Rxa7 66. Rd2 Ke6 67. Kf4 Rg7 68. Ra2 Nc7 69. Ra5 Ne8 70. Ra6+ Kd7 71. c5 Nc7 72. Rd6+ Ke7 73. Kf5 Ne8 74. Rd1 Nf6 75. Rd6 Nd7 76. Rd4 Nxc5 77. Rc4 Ne6 78. Rxg4 Rf7+ 79. Ke4 Nc5+ 80. Ke3 Ne6 81. Rg6 Kd6 82. Ke4 Ke7 83. Kd5 Nc7+ 84. Ke5 Ne8 85. Ra6 Nc7 86. Ra7 Kd8 87. Ke4 Kd7 88. Ra3 Ne6 89. Ra7+ Nc7 90. g4 Kd6 91. Ra5 Ne6 92. Rf5 Rxf5 93. gxf5 Nf8 94. Kxf3 Ke5 95. Kg4 Kf6 96. Kf4 Nd7 97. Ke4 1/2-1/2

[Event "Pamplona IRT blitz op"]
[White "Cuartas, Jaime Alexander"]
[Black "Portnoy Cruz, Ivan Adolfo"]
[Site "Pamplona"]
[Round "6.12"]
[Result "1-0"]
[Date "2012.11.04"]
[WhiteElo "2517"]
[BlackElo "2092"]
[PlyCount "99"]
[EventDate "2012.11.04"]
[EventType "swiss (blitz)"]
[EventRounds "18"]
[EventCountry "COL"]
[SourceTitle "EXT 2024"]
[Source "ChessBase"]
[SourceDate "2023.10.10"]
[SourceVersion "1"]
[SourceVersionDate "2023.10.10"]
[SourceQuality "1"]

1. e4 d6 2. d4 Nf6 3. Nc3 e5 4. Nge2 Be7 5. g3 b6 6. Bg2 Bb7 7. 0-0 0-0 8. a4 a6 9. h3 Re8 10. g4 Bf8 11. d5 c6 12. dxc6 Bxc6 13. Ng3 h6 14. Nf5 b5 15. axb5 axb5 16. Rxa8 Bxa8 17. Nxb5 Nxe4 18. Nbxd6 Nxd6 19. Nxd6 Bxd6 20. Bxa8 e4 21. Be3 Qe7 22. Qd5 Na6 23. Rd1 Rd8 24. Qxe4 Qxe4 25. Bxe4 Bh2+ 26. Kxh2 Rxd1 27. c3 Kf8 28. b4 Ke7 29. b5 Nb8 30. Bf4 Nd7 31. Be3 Rd6 32. c4 Re6 33. Bd5 Re5 34. b6 Rxe3 35. fxe3 Nxb6 36. e4 f6 37. Kg3 Kd6 38. Kf4 g6 39. Bf7 Ke7 40. Bd5 Kd6 41. h4 Nd7 42. h5 gxh5 43. gxh5 Ke7 44. Kf5 Ne5 45. c5 Nd7 46. c6 Nf8 47. c7 Kd7 48. Kxf6 Kxc7 49. Kg7 Nd7 50. Kxh6 1-0

[Event "COL-chT"]
[White "Benavides Moncayo, Olga"]
[Black "Portnoy Cruz, Ivan Adolfo"]
[Site "Medelin"]
[Round "6.3"]
[Result "0-1"]
[Date "2011.11.05"]
[WhiteElo "1935"]
[BlackElo "2098"]
[PlyCount "52"]
[EventDate "2011.11.02"]
[EventType "team-swiss"]
[EventRounds "6"]
[EventCountry "COL"]
[SourceTitle "EXT 2012"]
[Source "ChessBase"]
[SourceDate "2011.11.24"]
[SourceVersion "1"]
[SourceVersionDate "2011.11.24"]
[SourceQuality "1"]
[WhiteTeam "Universidad Nacional"]
[BlackTeam "Liga Cordoba"]
[WhiteTeamCountry "COL"]
[BlackTeamCountry "COL"]

1. d4 d5 2. c4 c6 3. Nc3 Nf6 4. Bg5 e6 5. e3 Nbd7 6. Nf3 Qa5 7. Nd2 Bb4 8. Qc2 Ne4 9. Ndxe4 dxe4 10. Bf4 e5 11. Bg3 0-0 12. Be2 f5 13. f3 exd4 14. exd4 f4 15. Bf2 e3 16. Bg1 Qg5 17. Bd3 c5 18. d5 Bxc3+ 19. bxc3 Ne5 20. Bf1 Bf5 21. Qb2 Qh4+ 22. Kd1 Rae8 23. g3 fxg3 24. Bxe3 Nxf3 25. Bd2 Qe7 26. Bh3 Qe2+ 0-1

[Event "COL-ch sf"]
[White "Portnoy Cruz, Ivan Adolfo"]
[Black "Mosquera Klinger, Miguel Alonso"]
[Site "Santa Rosa"]
[Round "3"]
[Result "0-1"]
[Date "2011.06.23"]
[WhiteElo "2091"]
[BlackElo "2390"]
[PlyCount "100"]
[EventDate "2011.06.22"]
[EventType "swiss"]
[EventRounds "11"]
[EventCountry "COL"]
[SourceTitle "CBM 143 Extra"]
[Source "ChessBase"]
[SourceDate "2011.08.29"]
[SourceVersion "1"]
[SourceVersionDate "2011.08.29"]
[SourceQuality "1"]

1. e4 Nf6 2. e5 Nd5 3. d4 d6 4. Nf3 g6 5. Bc4 c6 6. 0-0 Bg7 7. Bb3 0-0 8. c4 Nc7 9. h3 dxe5 10. dxe5 Bf5 11. Nc3 Qxd1 12. Rxd1 Nd7 13. Bf4 Nc5 14. Nd4 Bd7 15. Bc2 a5 16. Rab1 Rfd8 17. Be3 Bxe5 18. Nxc6 Bxc6 19. Rxd8+ Rxd8 20. Bxc5 Kf8 21. Re1 Bf6 22. Bb6 Rd2 23. Rc1 Ne6 24. Be3 Rd7 25. Ba4 Bxa4 26. Nxa4 Bd4 27. Rd1 Ke8 28. Bxd4 Nxd4 29. Kf1 e5 30. b3 Ke7 31. Nc3 g5 32. Ne2 Ne6 33. Rxd7+ Kxd7 34. Ke1 Kc6 35. Kd2 h5 36. Kd3 Kc5 37. a3 f5 38. g3 b5 39. cxb5 Kxb5 40. Nc3+ Kc5 41. Ne2 h4 42. Nc3 g4 43. b4+ axb4 44. axb4+ Kxb4 45. Nd5+ Kc5 46. Ne3 gxh3 47. Nf1 hxg3 48. fxg3 Nd4 49. Ke3 Kd5 50. Nh2 e4 0-1

[Event "Medellin IRT op 17th"]
[White "Portnoy Cruz, Ivan Adolfo"]
[Black "Montoya Diaz, Cesar Augusto"]
[Site "Medellin"]
[Round "8"]
[Result "1-0"]
[Date "2010.08.08"]
[WhiteElo "2083"]
[BlackElo "2100"]
[PlyCount "55"]
[EventDate "2010.08.04"]
[EventType "swiss"]
[EventRounds "9"]
[EventCountry "COL"]
[SourceTitle "EXT 2012"]
[Source "ChessBase"]
[SourceDate "2011.11.24"]
[SourceVersion "1"]
[SourceVersionDate "2011.11.24"]
[SourceQuality "1"]

1. e4 e5 2. Nf3 f5 3. Bc4 fxe4 4. Nxe5 Qg5 5. d4 Qxg2 6. Rf1 Nf6 7. Bf7+ Ke7 8. Qe2 d6 9. Qc4 c6 10. Bf4 Bh3 11. Nd2 dxe5 12. dxe5 Nd5 13. Bxd5 cxd5 14. Qb4+ Kf7 15. Qxb7+ Nd7 16. Qxd5+ Kg6 17. 0-0-0 Nb6 18. Qb3 Qg4 19. Rg1 Bg2 20. Rxg2 Qxg2 21. Qe6+ Kh5 22. Qf5+ g5 23. Nxe4 Be7 24. Ng3+ Kh4 25. Qe6 Rad8 26. Nf5+ Kh5 27. Ng7+ Kh4 28. Bg3+ 1-0

[Event "Medellin IRT op 17th"]
[White "Zabala, Fidel"]
[Black "Portnoy Cruz, Ivan Adolfo"]
[Site "Medellin"]
[Round "7"]
[Result "0-1"]
[Date "2010.08.07"]
[WhiteElo "2085"]
[BlackElo "2083"]
[PlyCount "58"]
[EventDate "2010.08.04"]
[EventType "swiss"]
[EventRounds "9"]
[EventCountry "COL"]
[SourceTitle "EXT 2012"]
[Source "ChessBase"]
[SourceDate "2011.11.24"]
[SourceVersion "1"]
[SourceVersionDate "2011.11.24"]
[SourceQuality "1"]

1. e4 e5 2. Nf3 d6 3. d4 exd4 4. Qxd4 a6 5. Bc4 Nc6 6. Qe3 Nf6 7. 0-0 Be7 8. Rd1 0-0 9. h3 Re8 10. e5 Nd7 11. exd6 cxd6 12. Nc3 Nb6 13. Bb3 Na5 14. Qd4 Nxb3 15. axb3 Bf5 16. Be3 Nd7 17. Rd2 Nf6 18. Nd5 Rc8 19. c4 Ne4 20. Re2 Nc5 21. Qc3 Bd3 22. Ree1 Be4 23. Nxe7+ Rxe7 24. Bg5 f6 25. Bf4 d5 26. Rad1 Bxf3 27. gxf3 Rxe1+ 28. Qxe1 Qd7 29. Rxd5 Qf7 0-1

[Event "Bogota IRT op"]
[White "Portnoy Cruz, Ivan Adolfo"]
[Black "Ramirez, Carlos"]
[Site "Bogota"]
[Round "2"]
[Result "1/2-1/2"]
[Date "2009.04.30"]
[WhiteElo "2003"]
[BlackElo "2262"]
[PlyCount "51"]
[EventDate "2009.04.30"]
[EventType "swiss"]
[EventRounds "9"]
[EventCountry "COL"]
[SourceTitle "CBM 130 Extra"]
[Source "ChessBase"]
[SourceDate "2009.07.02"]
[SourceVersion "2"]
[SourceVersionDate "2009.07.15"]
[SourceQuality "1"]

1. d4 Nf6 2. c4 g6 3. Nc3 Bg7 4. e4 d6 5. Nf3 0-0 6. Be2 e5 7. 0-0 Nc6 8. d5 Ne7 9. b4 Nh5 10. Re1 f5 11. Ng5 Nf6 12. Bf3 h6 13. Ne6 Bxe6 14. dxe6 c6 15. b5 fxe4 16. Nxe4 Nxe4 17. Bxe4 d5 18. Ba3 dxe4 19. Qxd8 Rfxd8 20. Bxe7 Rd4 21. Rac1 Bf8 22. Bf6 Bg7 23. Be7 Bf8 24. Bf6 Bg7 25. Be7 Bf8 26. Bf6 1/2-1/2